000 00219nam a22001097a 4500
003 OSt
008 250129b |||||||| |||| 00| 0 eng d
041 _aeng
245 _aIS:875 (Part IV )
260 _c1987.
942 _cBK
999 _c19187
_d19187